Statistics for NBA Highest Salaries 2023–2024

Click here to take the quiz!

General Stats

  • This quiz has been taken 26,424 times
    (3,651 since last reset)
  • The average score is 22 of 33

Answer Stats

SalaryPlayer% Correct
$47.6 milLeBron James
98%
$51.9 milStephen Curry
97%
$45.6 milGiannis Antetokounmpo
91%
$47.6 milNikola Jokic
91%
$46.4 milKevin Durant
90%
$40.1 milLuka Doncic
87%
$47.6 milJoel Embiid
86%
$35.6 milJames Harden
85%
$40.6 milAnthony Davis
83%
$36.0 milDevin Booker
83%
$45.6 milKawhi Leonard
82%
$45.6 milPaul George
81%
$45.6 milDamian Lillard
80%
$43.2 milKlay Thompson
80%
$37.0 milKyrie Irving
75%
$46.7 milBradley Beal
71%
$45.2 milJimmy Butler
71%
$36.0 milKarl-Anthony Towns
69%
$34.0 milJa Morant
67%
$40.1 milTrae Young
67%
$33.8 milJamal Murray
65%
$41.0 milRudy Gobert
63%
$34.0 milZion Williamson
61%
$40.1 milZach LaVine
58%
$37.9 milPascal Siakam
51%
$35.0 milJrue Holiday
48%
$36.0 milKristaps Porzingis
46%
$33.8 milBrandon Ingram
45%
$40.8 milFred VanVleet
42%
$37.9 milBen Simmons
40%
$39.3 milTobias Harris
34%
$35.8 milC.J. McCollum
32%
$34.0 milDarius Garland
30%

Score Distribution

Percentile by Number Answered

Percent of People with Each Score

Your Score History

You have not taken this quiz since the last reset